[Event "Penang op 10th"]
[Site "Penang"]
[Date "2018.12.07"]
[Round "8"]
[White "Nethmina, SA Indura"]
[Black "Chembeti, Shreesh Amit"]
[Result "1/2-1/2"]
[WhiteElo "1536"]
[BlackElo "1676"]
[PlyCount "60"]
[EventDate "2018.12.03"]
[EventType "swiss"]
[EventRounds "9"]
[EventCountry "MAS"]
[SourceTitle "CBM 187 Extra"]
[Source "ChessBase"]
[SourceDate "2018.11.04"]
[SourceVersion "1"]
[SourceVersionDate "2018.11.04"]
[SourceQuality "1"]

1. e4 e5 2. Nf3 Nc6 3. Bb5 Nf6 4. 0-0 d6 5. Re1 Be7 6. c3 0-0 7. h3 a6 8. Ba4 b5 9. Bc2 d5 10. exd5 Qxd5 11. d3 Bc5 12. Bg5 Bb7 13. Bxf6 gxf6 14. Bb3 Qd7 15. Qd2 Ne7 16. d4 Bxf3 17. dxc5 Bc6 18. Qxd7 Bxd7 19. Nd2 Bc6 20. Bc2 Rfd8 21. Nf1 Ng6 22. Rad1 Nf4 23. f3 Kh8 24. Kh2 Ne6 25. b4 a5 26. a3 Rxd1 27. Rxd1 axb4 28. axb4 Ra2 29. Bb3 Rb2 30. Bxe6 fxe6 1/2-1/2